The administrative divisions of Serbia - Map (districts of Serbia) - Statistics

General Stats
  • This quiz has been taken 222 times
  • The average score is 22 of 30
Answers on the Map
Answers color-coded by a green-red scale on the quiz's map according to % correct below.
 
Answer Stats
District Administrative center % Correct
Belgrade
92%
Kosovo Pristina
89%
North Bačka Subotica
82%
North Banat Kikinda
82%
South Bačka Novi Sad
82%
South Banat Pančevo
82%
Bor Bor
80%
West Bačka Sombor
80%
Central Banat Zrenjanin
79%
Srem Sremska Mitrovica
78%
Nišava Niš
77%
Kosovska Mitrovica Mitrovica
75%
Zlatibor Užice
75%
Peć Pejë / Peć / Peja
74%
Pirot Pirot
74%
Šumadija Kragujevac
72%
Prizren Prizren
71%
Raška Kraljevo
71%
Mačva Šabac
70%
Pčinja Vranje
70%
Braničevo Požarevac
68%
Jablanica Leskovac
64%
Podunavlje Smederevo
64%
Zaječar Zaječar
64%
Moravica Čačak
62%
Rasina Kruševac
62%
Kolubara Valjevo
60%
Toplica Prokuplje
60%
Pomoravlje Jagodina
56%
Kosovo-Pomoravlje Gjilan
54%
No matching quizzes found
Score Distribution
Percent of People with Each Score
Percentile by Number Answered
Your Score History
You have not taken this quiz